• 首页
  • 本馆介绍
  • 公告通知
  • 最新文献
  • 馆藏检索
  • 电子资源
  • 读者导购
  • 参考咨询
  • 我的图书馆
  • 登录
  • 详细信息显示
  • 放入我的书架
  • 预约/预借图书
  • 作者相关作品
  • 分类相关作品
  • 丛书相关作品
  • 出版社相关作品

书目信息

  • 表格格式
  • 工作单格式
  • 卡片格式
题名:
体育运动心理学
    
 
作者: 焦艳 编著
分册:  
出版信息: 南京   南京大学出版社  2006
页数: 178页
开本: 23cm
丛书名:
单 册:
中图分类: G804.8
科图分类:
主题词: 体育心理学--高等学校--教材 , 体育心理学
电子资源:
ISBN: 7-305-04808-9
000 00916nam0 2200265 450
001 012007884074
005 20070525155417.75
010    @a7-305-04808-9@dCNY18.00
100    @a20070517d2006 km y0chiy0120 ea
101 0  @achi
102    @aCN@b320000
105    @ay z 000yy
106    @ar
200 1  @a体育运动心理学@Ati yu yun dong xin li xue@e理论与应用@f焦艳编著@Fjiao yan bian zhu
210    @a南京@c南京大学出版社@d2006
215    @a178页@d23cm
300    @a全国教育科学“十五”规划课题项目新世纪地方高等院校专业系列教材
330    @a本书分为十一章,内容主要包括:体育运动心理学的发展、性质、任务,心理过程与体育运动,个性与体育运动,体育运动中的心理技能训练等。
517 1  @a理论与应用@Ali lun yu ying yong
606 0  @a体育心理学@x高等学校@j教材
606 0  @a体育心理学
690    @aG804.8@v4
701  0 @a焦艳@Ajiao yan@c(心理学)@4编著
801  0 @aCN@bRULIN@c20070525
905    @dG804.8@e256@s5
    
    体育运动心理学:理论与应用/焦艳编著.-南京:南京大学出版社,2006
    178页;23cm
    全国教育科学“十五”规划课题项目新世纪地方高等院校专业系列教材
    
    ISBN 7-305-04808-9:CNY18.00
    本书分为十一章,内容主要包括:体育运动心理学的发展、性质、任务,心理过程与体育运动,个性与体育运动,体育运动中的心理技能训练等。
●
相关链接 在E读中查询图书 在五车中查询图书 在当当中查询图书 在豆瓣中查询图书


正题名:体育运动心理学     索取号:G804.8/256         预约/预借

序号 登录号 条形码 馆藏地/架位号 状态 备注
1 0581237   205812370   第一样本阅览室/ [索取号:G804.8/256] 在馆    
2 0581238   205812389   密集书库/ [索取号:G804.8/256] 在馆    
3 0581239   205812398   第四借阅区/ [索取号:G804.8/256] 在馆    
4 0581240   205812405   第四借阅区/ [索取号:G804.8/256] 在馆    
5 0581241   205812414   密集书库/ [索取号:G804.8/256] 在馆    
唐山师范学院图书馆 欢迎您!
大连网信软件有限公司© 版权所有